00700cam a22002171 4500001001300000003000400013005001700017008004100034010001700075035001900092040001800111042001200129050001600141082001000157100002000167245012400187260006400311300003800375504002900413740004000442map58000004 DLC20260227111555.0761211s1960 vaud b s000 0 eng  amap58000004  a(OCoLC)2613463 aDLCcViWdDLC apremarc00aGA369b.V45 a912.71 aVerner, Coolie.12aA carto-bibliographical study of The English pilot.bThe fourth book. With special reference to the charts of Virginia. aCharlottesville, Va.,bUniversity of Virginia Pressc[1960] aviii, 87, [1] p.bcharts.c18 cm. aBibliography: p. 87-[88]4 aThe English pilot. The fourth book.